000 01143nam a22003017a 4500
003 CHAP
005 20220329134912.0
008 971013s1964 r 00010 d
010 _a27783
011 _a28755
035 _a32864
040 _cCHAP
082 _a338.91
_bC65o
110 _aConsejo Interamericano Económico y Social
_927289
245 _aOrganismos de planificación y planes de desarrollo en la América Latina. Planificación del desarrollo económico y social en la América Latina
260 _aWashington :
_bInstituto de Desarrollo Económico. Banco Internacional de Reconstrucción y Fomento,
_c(1964)
300 _a119, 40 p.
590 _aBATCH-UPD
_b10
_c20130110
_lUCH01
_h1259
590 _aBATCH-UPD
_b10
_c20130410
_lUCH01
_h0818
590 _aBATCH-UPD
_b10
_c20130914
_lUCH01
_h1916
590 _aCONVERSION
_b10
_c20130109
_lUCH01
_h1316
650 1 4 _aAmerica Latina
_xCondiciones economicas.
_95390
650 1 4 _aAmerica Latina
_xCondiciones sociales.
_95395
650 1 4 _aPlanificación.
_988736
901 _aBK
942 _cLIBRO
949 _a338.91 C65o
_bBC
_cLIBRO
_d33724000832036
_eLIBRO
_h6574
_i32864
_sb
999 _c27783
_d27783